000 00760nam a22001817a 4500
005 20120309101921.0
020 _c100.00
_a
035 _aB-93256
037 _b
_adpl
082 _a250
100 _aआनंद श्रीकृष्ण
_943609
245 _aभगवान बुद्ध धम्म-सार व धम्म-चर्या /
_cआनंद श्रीकृष्ण
260 _aमुंबई
_bसमृद्ध भारत प्रकाशन
_c2005
270 _a
_b
_e
_k
300 _a310पृ.
_c22सेमी (अजिल्द)
942 _adpl
_cHN
_k
_2ddc
_h250
_mआनंद
999 _c63866
_d63866